02255 a2200193 4500003000500000005001700005008004100022020001400063040000900077082001500086245009900101260004400200300001100244505162300255650002901878942001201907999001901919952012301938Nust20221020145214.0170511b xxu||||| |||| 00| 0 eng d a0075-5400 cNust a620.03,KEM aKempe’s engineers year-book for ...b vol : 1 and 2c/ Serial (Periodical, Newspaper, etc.) aLondon :bMorgan-Grampian,c1950-c2002. a1344:p aVolume One: Units of Measurement (Page-1), Mathematics (Page-19), Mechanics (Page-61), Heat Optics Etc (Page-75), Acoustics Vibration and Noise (Page-83), Electrical Engineering Fundamentals (Page-101), Thermodynamics (Page-115), Hydraulics (Page-123), Flow Metering and Mechanical Testing (Page-153), Theory of Structures (Page-195), Standard Dimensions (Page-225), Timber (Page-303) Plastic (Page-331), Machine Tools (Page-359) Welding and Cutting (Page-455) Soldering and Brazing (Page-491) Forging Hammers and Drop Forging Plant (Page-501), Foundry Practice (Page-593), Nonferrous Metals and Alloys (Page-607), Powder Metallurgy (Page-671), Wire Ropes (Page-679) Mechanical Handling (Page-751) Hydraulic Transmission of Power (Page-797), Liquid Pumps (Page-833) Water Engineering (Page-867), Navigable Waterways (Page-975), Volume Two: Electrical Engineering (Page-1), Electronic Engineering (Page-145), Aerodynamics (Page-159), Aircraft Propulsion (Page-187), Gas Turbines (Page-233), The Internal Combustion Engine (Page-2530Road Vehicles (Page-313) Fuels (Page-365), Atomic Power (Page-421), Gas Engineering (Page-433) Steam Engineering (Page-467), Steam Turbines (Page-525), Marine Engines (Page-575), Naval Architecture (Page-599), Mining Engineering (Page-617), Explosives (Page-699), Refrigeration and Cold Storage (Page-731), Lighting (Page-783), Factory Planning and Layout (Page-799), Fire Extinction and Prevention (Page-821), Surveying (Page-851), Earthwork (Page-919)Clays and Allied Products (Page-957), Building (Page-987), Sanitary Engineering (Page-1069), Design of Steel Structures (Page-1157). aengineers year-book9566 2ddccBK c182831d182831 00102ddc4070aMCSbMCScGENd2016-12-12o620.03,KEMpMCS6542r2016-12-08w2016-12-12yBKzAlmirah No.27, Shelf No.2